000 00961nam a2200253 a 4500
001 000038350
003 OSt
005 20201124085425.0
008 130409s19uu dr r 000 0 spa d
040 _aDO-SdBNP
_bspa
_cBNPHU
082 4 _a972.9304
_bC348a
_222
100 1 _aCastel, Jorge
_964708
245 1 0 _aAnexión y abandono de Santo Domingo (1861-1865) /
_cJorge Castel.
260 _aSanto Domingo :
_bMarto, Artes Gráficas,
_c[19-?].
300 _a83 p. ;
_c22 cm.
490 1 _aCuadernos de historia de las relaciones internacionales y política exterior de España
504 _aBibliografía : p. 77-79
590 _aInventariado, 2019/BT
651 4 _aRepública Dominicana
_xHistoria
_yAnexión 1861-1863
_977387
651 4 _aRepública Dominicana
_xHistoria
_9170
830 0 _nCuadernos de historia de las relaciones internacionales y política exterior de España
_977388
910 _aValidado.Control de calidad MFF
942 _2ddc
_cLBS1
999 _c37840
_d37840